League of legends characters by quotes - Statistics

General Stats
  • This quiz has been taken 2,454 times
  • The average score is 10 of 15
Answer Stats
Hint Answer % Correct
Welcome to the league of _________! Draven
96%
DEMACIAAAAAAAA Garen
92%
Shurima, your emperor has arrived. Azir
84%
The heart is the strongest muscle. Braum
82%
You think i'm crazy? You should see my sister! Jinx
79%
Knock knock. Who's there? The moon. It's far away, you were alone the whole time! Diana
76%
Never one, without the other. Kindred
72%
No, really, put that apple on your head. Ashe
69%
If you run, you won't see me stab you! Katarina
68%
Dead man walking. Graves
60%
I long for a worthy opponent! Fiora
58%
For only 2.95 a minute, i can leave you breathless. Janna
49%
I knew you would do that. Zilean
43%
I will make you beautiful. Jhin
42%
Nothing can hold me back! Alistar
40%
No matching quizzes found
Score Distribution
Percent of People with Each Score
Percentile by Number Answered
Your Score History
You have not taken this quiz